Socrates, Plato aru Aristotle. (Record no. 736)

MARC details
000 -LEADER
fixed length control field 00478cam a2200181ua 4500
008 - FIXED-LENGTH DATA ELEMENTS--GENERAL INFORMATION
fixed length control field 110421n ii |||gr||||Z||||||eng
040 ## - CATALOGING SOURCE
Transcribing agency MAIN
082 ## - DEWEY DECIMAL CLASSIFICATION NUMBER
Classification number 320.5
245 ## - TITLE STATEMENT
Title Socrates, Plato aru Aristotle.
Statement of responsibility, etc. By Adyanath Chakravarty.
250 ## - EDITION STATEMENT
Edition statement 1st.
260 ## - PUBLICATION, DISTRIBUTION, ETC.
Place of publication, distribution, etc. Gowahati.:
Name of publisher, distributor, etc. Jyoti prakashan.,992.
300 ## - PHYSICAL DESCRIPTION
Extent 210 p.:
Dimensions 20 cm.
700 ## - ADDED ENTRY--PERSONAL NAME
Personal name Chakravarty, Adyanath.,
942 ## - ADDED ENTRY ELEMENTS (KOHA)
Koha item type Books
653 ## - INDEX TERM--UNCONTROLLED
Uncontrolled term Political science.
653 ## - INDEX TERM--UNCONTROLLED
Uncontrolled term Socratis, Plato aru Aristotle.
Holdings
Withdrawn status Lost status Damaged status Not for loan Home library Current library Shelving location Date acquired Total Checkouts Full call number Barcode Date last seen Copy number Price effective from Koha item type Date last checked out
        Naharkatiya College Library Naharkatiya College Library   19/09/2020   320.5 | ADY 945 19/09/2020 3 19/09/2020 Books  
        Naharkatiya College Library Naharkatiya College Library   19/09/2020 1 320.5 | ADY 946 22/10/2025 1 19/09/2020 Books 25/09/2025
        Naharkatiya College Library Naharkatiya College Library   19/09/2020   320.5 | ADY 948 19/09/2020 2 19/09/2020 Books  

Naharkatiya College © 2020. All rights reserved.

Powered By